Statystyki dla Czy znasz tablice rejestracyjne w województwie podlaskim?

Kliknij tutaj aby rozwiązać quiz!

Ogólne statystyki

  • Ten quiz został rozwiązany 62 razy
  • Średni wynik to 16 z 17

Statystyki odpowiedzi

PowiatWyróżnik% Poprawnych
powiat augustowskiBAU
98%
BiałystokBI
98%
powiat białostockiBIA
98%
powiat grajewskiBGR
96%
powiat hajnowskiBHA
96%
powiat koleńskiBKL
96%
ŁomżaBL
96%
powiat monieckiBMN
96%
SuwałkiBS
96%
powiat siematyckiBSI
96%
powiat suwalskiBSU
96%
powiat zambrowskiBZA
96%
powiat łomżyńskiBLM
95%
powiat wysokomazowieckiBWM
95%
powiat sejeńskiBSE
93%
powiat bielskiBBI
91%
powiat sokólskiBSK
91%

Rozkład punktacji

Percentyl według liczby udzielonych odpowiedzi

Procent ludzi z każdym wynikiem

Twoja historia wyników

Nie rozwiązałeś tego quizu